书目信息 |
| 题名: |
十万个为什么
|
|
| 作者: | ||
| 分册: | 天文 | |
| 出版信息: | 上海 少年儿童出版社 |
|
| 页数: | 308页 | |
| 开本: | 20cm | |
| 丛书名: | ||
| 单 册: | ||
| 中图分类: | N51 | |
| 科图分类: | ||
| 主题词: | 自然科学--丛书 , 自然科学--多卷书 | |
| 电子资源: | ||
| ISBN: | ||
| 000 | 00514nam0 2200193 450 | |
| 001 | 2253502996 | |
| 005 | 20220412145213.54 | |
| 100 | @a20220412d km y0chiy0120 ea | |
| 101 | 0 | @achi |
| 102 | @aCN@b310000 | |
| 200 | 1 | @a十万个为什么@AShi Wan Ge Wei Shi Mo@i天文 |
| 210 | @a上海@c少年儿童出版社 | |
| 215 | @a308页@d20cm | |
| 517 | 1 | @a天文@ATian Wen |
| 606 | 0 | @a自然科学@x丛书 |
| 606 | 0 | @a自然科学@x多卷书 |
| 690 | @aN51@v4 | |
| 801 | 0 | @aCN@b大连网信软件有限公司图书馆·11@c20220412 |
| 905 | @aZUCC@dN51@eS5132 | |
| 十万个为什么.天文.-上海:少年儿童出版社 |
| 308页;20cm |
| ISBN : |
| ● |
| 相关链接 |
|
|
|
正题名:十万个为什么
索取号:N51/S5132
 
预约/预借
| 序号 | 登录号 | 条形码 | 馆藏地/架位号 | 状态 | 备注 |
| 1 | 1505386 | 215053867 | 自科库401/401自科库 141排1列23层/ [索取号:N51/S5132] | 在馆 |